| 000 -ლიდერი |
| ფიქსირებული სიგრძის საკონტროლო ველი |
00954nam a22001937a 4500 |
| 003 - საკონტროლო ნომრის იდენტიფიკატორი |
| საკონტროლო ველი |
Ge_BSU |
| 005 - ბოლო ოპერაციის თარიღი და დრო |
| საკონტროლო ველი |
20241220103047.0 |
| 008 - ფიქსირებული სიგრძის მონაცემთა ელემენტები - ზოგადი ინფორმაცია |
| ფიქსირებული სიგრძის საკონტროლო ველი |
241220s1955 ge ||||| |||| 00| 0 geo d |
| 041 ## - ენის კოდი |
| Language code of text/sound track or separate title |
geo |
| 080 ## - უნივერსალური ათობითი კლასიფიკაციის ინდექსი |
| Universal Decimal Classification number |
616.995.132.8 : 617 ე -78 |
| 100 ## - მთავარი ჩანაწერი - პიროვნების სახელი |
| Personal name |
ერისთავი, არჩილ |
| 9 (RLIN) |
24017 |
| 245 ## - ცნობა სათაურის შესახებ |
| Title |
ასკარიდოზით გამოწვეული ზოგიერთი მწვავე ქირურგიული დაავადება / |
| Statement of responsibility, etc |
არჩილ ერისთავი; რედ. კ. ერისთავი. |
| 264 ## - წარმოების, გამოცემის, დისტრიბუციის და სხვა ცნობები |
| გამოცემის, წარმოების, დისტრიბუციის... ადგილი |
თბილისი : |
| გამოცემის, წარმოების, დისტრიბუციის... სახელწოდება |
საქმედგამი, |
| გამოცემის, წარმოების, დისტრიბუციის... თარიღი |
1955. |
| 504 ## - BIBLIOGRAPHY, ETC. NOTE |
| Bibliography, etc |
ბიბლიოგრ.: გვ. 149-155. |
| 653 ## - INDEX TERM--UNCONTROLLED |
| Uncontrolled term |
ასკარიდოზი |
| 653 ## - INDEX TERM--UNCONTROLLED |
| Uncontrolled term |
მწვავე ქირურგიული დაავადებები |
| 700 ## - ADDED ENTRY--PERSONAL NAME |
| Personal name |
ერისთავი, კ. |
| Relator term |
რედაქტორი |
| 9 (RLIN) |
22269 |
| 942 ## - ADDED ENTRY ELEMENTS (KOHA) |
| Source of classification or shelving scheme |
|
| Koha item type |
წიგნი |